00780cam a22002531 4500999001500000001000600015003000900021005001700030008004100047020001500088040002900103082002100132100001800153245006900171250001200240260005000252300003200302500002000334650001700354650001500371650000900386942001200395952011900407 c1016d101614486BD-DhUAP20210119103319.0200129s2010 bg 001 0 eng  a818719796X aDLCcWU-LdBD-DhUAPbEng 223a347.9549 SAR1 aSarkar, S. K.12aPublic interest litigations and public nuisances /cS. K. Sarkar a2nd ed. aNew Delhi :bOrient,cc2002 [Reprinted 2009]. accxxx, 1464 pages ;c26 cm. aIncludes index. 0aLitigations. 0aNuisances. 0aLaw. 2ddccBK 00102ddc4070aUAPCLbUAPCLcGeneral Stacksd2020-01-29o347.9549 SARp3010014486r2020-01-29t1w2020-01-29yBK